Revista de taquigrafía /
Descripción Física:
12 vols. ; periodicitat: mensual ; 25 cm
Idioma:
Español
MARC
| LEADER | 00000nas a2200000 a 4500 | ||
|---|---|---|---|
| 001 | 28259 | ||
| 003 | AGDB | ||
| 005 | 20260324180133.0 | ||
| 008 | 160829s9999 xx 000 0 cat d | ||
| 022 | |a 1886-1326 | ||
| 040 | |a agdb |b cat | ||
| 041 | |a spa | ||
| 080 | |a Revistes | ||
| 110 | 2 | |a Instituto Taquigráfico de Barcelona |9 69892 | |
| 245 | |a Revista de taquigrafía / |c órgano del Instituto Taquigráfico de Barcelona | ||
| 260 | |a Barcelona : |b l'Institut ; |c [1914-191?] | ||
| 300 | |a 12 vols. ; |b periodicitat: mensual ; |c 25 cm | ||
| 362 | |a Any 1, núm. 1 (1914)- | ||
| 590 | |a Descripció basada en: Any 4, núm. 25 (gen. 1917). | ||
| 590 | |a Prové de 4161. | ||
| 650 | |a Taquigrafia |x Revistes |9 47499 | ||
| 655 | 0 | |9 55823 |a Revistes | |
| 866 | |a Any 4, 1917 (25-36) | ||
| 901 | |a Arxiu | ||
| 942 | |n 1 |2 udc |c REV | ||
| 952 | |0 0 |1 0 |4 0 |6 REV2304 |7 1 |9 53918 |a Arxiu |b Arxiu |d 2023-08-29 |h Núm. 25 (gener 1917) - Núm. 36 (desembre 1917) |o Rev-2304 |p 28259 |r 2016-12-01 00:00:00 |w 2016-12-01 |y ARXIU | ||
| 999 | |c 57785 |d 57785 | ||